| 000 | 01364nam a2200349Ia 4500 | ||
|---|---|---|---|
| 001 | ebr10159621 | ||
| 003 | CaPaEBR | ||
| 006 | m u | ||
| 007 | cr cn||||||||| | ||
| 008 | 990625s2000 mnua s 000 0aeng d | ||
| 010 | _z 99006706 | ||
| 020 | _z9781570252006 | ||
| 020 | _z1570252009 (pbk.) | ||
| 040 |
_aCaPaEBR _cCaPaEBR |
||
| 035 | _a(OCoLC)232159952 | ||
| 050 | 1 | 4 |
_aF614.E4 _bC37 2000eb |
| 082 | 0 | 4 |
_a977.6/77 _aB _221 |
| 100 | 1 | _aCary, Bob. | |
| 245 | 1 | 0 |
_aEly echoes _h[electronic resource] : _bthe portages grow longer / _cwritten and illustrated by Bob Cary. |
| 260 |
_aDuluth Minn. : _bPfeifer-Hamilton, _cc2000. |
||
| 300 |
_axiv, 175 p. : _bill. |
||
| 500 | _a"Portions of this book first appeared in The Senior reporter and The Ely echo." | ||
| 533 |
_aElectronic reproduction. _bPalo Alto, Calif. : _cebrary, _d2009. _nAvailable via World Wide Web. _nAccess may be limited to ebrary affiliated libraries. |
||
| 600 | 1 | 0 | _aCary, Bob. |
| 600 | 1 | 0 |
_aCary, Bob _xFriends and associates. |
| 650 | 0 |
_aCountry life _zMinnesota _zEly. |
|
| 651 | 0 |
_aEly (Minn.) _xSocial life and customs. |
|
| 651 | 0 |
_aEly (Minn.) _vBiography. |
|
| 655 | 7 |
_aElectronic books. _2local |
|
| 710 | 2 | _aebrary, Inc. | |
| 856 | 4 | 0 |
_uhttp://site.ebrary.com/lib/rucke/Doc?id=10159621 _zAn electronic book accessible through the World Wide Web; click to view |
| 999 |
_c133482 _d133482 |
||